UBT Library

Psychiatrica mental health nursing; (Record no. 1624)

000 -LEADER
fixed length control field 00302nam a22001217a 4500
008 - FIXED-LENGTH DATA ELEMENTS--GENERAL INFORMATION
fixed length control field 160427b xxu||||| |||| 00| 0 eng d
020 ## - INTERNATIONAL STANDARD BOOK NUMBER
International Standard Book Number 9780803614529
020 ## - INTERNATIONAL STANDARD BOOK NUMBER
International Standard Book Number 100803614527
041 ## - LANGUAGE CODE
Language code of text/sound track or separate title eng
080 ## - UNIVERSAL DECIMAL CLASSIFICATION NUMBER
Universal Decimal Classification number 618.2
245 ## - TITLE STATEMENT
Title Psychiatrica mental health nursing;
Statement of responsibility, etc Mary C. Townsend;
942 ## - ADDED ENTRY ELEMENTS (KOHA)
Source of classification or shelving scheme
Item type Books
Holdings
Withdrawn status Lost status Damaged status Not for loan Date acquired Total Checkouts Date last seen Price effective from Koha item type Source of classification or shelving scheme Collection code Permanent location Current location Shelving location Full call number Barcode
        04/27/2016   04/27/2016 04/27/2016 Books              
        04/27/2016   04/27/2016 04/27/2016 Books   Koleksioni i përgjithshem UBT - Lipjan UBT - Lipjan Koleksioni i përgjithshem 618.2 TOW 002-027962
        04/28/2016   12/29/2016 04/28/2016 Books   Koleksioni i përgjithshem UBT - Lipjan UBT - Lipjan Koleksioni i përgjithshem 618.2 TOW 002-027979
UBT Library © 2015-2024. All rights reserved University Education for Business and Technology